[Event "FRA-ch Blitz Online Qual"]
[Site "Europe Echecs INT"]
[Date "2020.05.16"]
[Round "11"]
[White "Fronius, Lino"]
[Black "Ghazaryan, Gor"]
[Result "1-0"]
[WhiteElo "1313"]
[BlackElo "1431"]
[PlyCount "63"]
[EventDate "2020.05.16"]
[EventType "swiss (blitz)"]
[EventRounds "15"]
[EventCountry "FRA"]
[SourceTitle "CBM 196 Extra"]
[Source "ChessBase"]
[SourceDate "2020.07.31"]
[SourceVersion "1"]
[SourceVersionDate "2020.07.31"]
[SourceQuality "1"]

1. e4 e5 2. Nf3 Nc6 3. Bc4 Bc5 4. c3 Nf6 5. d4 exd4 6. cxd4 Bb4+ 7. Bd2 Bxd2+ 8. Nbxd2 d6 9. 0-0 0-0 10. a3 Bg4 11. Qc2 Re8 12. Rfe1 Qd7 13. d5 Na5 14. Bd3 b6 15. b4 Nb7 16. Ba6 Rab8 17. Rac1 Bxf3 18. Nxf3 Rec8 19. Qd3 Re8 20. Rc6 Nd8 21. Rc3 b5 22. Bxb5 Qxb5 23. Qxb5 Rxb5 24. Rxc7 Rb7 25. Rc3 Rxe4 26. Rxe4 Nxe4 27. Rc8 Rd7 28. Nd4 h6 29. Nc6 Re7 30. Nxe7+ Kf8 31. Nc6 Ke8 32. Rxd8# 1-0

[Event "FRA-ch Blitz Online Qual"]
[Site "Europe Echecs INT"]
[Date "2020.05.16"]
[Round "10"]
[White "Ghazaryan, Gor"]
[Black "Demarche, Laurent"]
[Result "0-1"]
[WhiteElo "1431"]
[BlackElo "1835"]
[PlyCount "84"]
[EventDate "2020.05.16"]
[EventType "swiss (blitz)"]
[EventRounds "15"]
[EventCountry "FRA"]
[SourceTitle "CBM 196 Extra"]
[Source "ChessBase"]
[SourceDate "2020.07.31"]
[SourceVersion "1"]
[SourceVersionDate "2020.07.31"]
[SourceQuality "1"]

1. e4 e5 2. Nf3 d6 3. Nc3 Nf6 4. d4 Nbd7 5. dxe5 dxe5 6. Bg5 Be7 7. Bc4 0-0 8. 0-0 c6 9. Qd2 b5 10. Bb3 Qc7 11. Rad1 Nc5 12. Qe2 a5 13. a3 b4 14. Na4 Nxb3 15. cxb3 Be6 16. Bxf6 Bxf6 17. Nc5 Bg4 18. Nd7 Bxd7 19. Rd3 Be6 20. Rfd1 Be7 21. Qe3 bxa3 22. bxa3 Bxa3 23. Ng5 Qe7 24. Qg3 f6 25. Nxe6 Qxe6 26. Rd7 Rf7 27. R7d3 Bc5 28. Qh4 Bd4 29. Rh3 g6 30. Rdd3 a4 31. bxa4 Rxa4 32. g3 Ra1+ 33. Kg2 Ra2 34. Rf3 c5 35. g4 c4 36. g5 fxg5 37. Qxg5 Rxf2+ 38. Rxf2 Rxf2+ 39. Kg3 Qf6 40. Qxf6 Rxf6 41. Kg2 c3 42. Rd3 c2 0-1

[Event "FRA-ch Blitz Online Qual"]
[Site "Europe Echecs INT"]
[Date "2020.05.16"]
[Round "6"]
[White "Ghazaryan, Gor"]
[Black "Huynh, Nicolas"]
[Result "0-1"]
[WhiteElo "1431"]
[BlackElo "1836"]
[PlyCount "96"]
[EventDate "2020.05.16"]
[EventType "swiss (blitz)"]
[EventRounds "15"]
[EventCountry "FRA"]
[SourceTitle "CBM 196 Extra"]
[Source "ChessBase"]
[SourceDate "2020.07.31"]
[SourceVersion "1"]
[SourceVersionDate "2020.07.31"]
[SourceQuality "1"]

1. e4 c5 2. f4 Nc6 3. g3 e6 4. Bg2 g6 5. Nc3 d6 6. d3 Bg7 7. Nf3 Nge7 8. 0-0 0-0 9. Be3 a6 10. Qd2 b5 11. Nh4 Nd4 12. f5 exf5 13. exf5 Ndxf5 14. Bxa8 Nxh4 15. gxh4 Bh3 16. Bg2 Be6 17. Bh6 Nf5 18. Bxg7 Kxg7 19. Bd5 Bd7 20. Ne4 Qxh4 21. Qc3+ Nd4 22. Qd2 Bg4 23. Qf4 Ne2+ 24. Kh1 Nxf4 25. Rxf4 g5 26. Rf2 f5 27. Raf1 Bh3 28. Rg1 fxe4 29. Rxf8 Kxf8 30. Bxe4 Be6 31. Rf1+ Ke7 32. Bg2 Qd4 33. Rb1 Bd5 34. c3 Bxg2+ 35. Kxg2 Qxd3 36. Re1+ Kf6 37. Rf1+ Kg6 38. Rf8 Kh5 39. Rh8 h6 40. Re8 Kg4 41. Kg1 Qc2 42. Re1 Qd2 43. Rf1 h5 44. Rf2 Qe3 45. Kg2 h4 46. Rf8 h3+ 47. Kf1 Qd2 48. Rf2 Qd1# 0-1

[Event "FRA-ch Blitz Online Qual"]
[Site "Europe Echecs INT"]
[Date "2020.05.16"]
[Round "14"]
[White "Ghazaryan, Gor"]
[Black "Varin, Timeo"]
[Result "1-0"]
[WhiteElo "1431"]
[BlackElo "1287"]
[PlyCount "159"]
[EventDate "2020.05.16"]
[EventType "swiss (blitz)"]
[EventRounds "15"]
[EventCountry "FRA"]
[SourceTitle "CBM 196 Extra"]
[Source "ChessBase"]
[SourceDate "2020.07.31"]
[SourceVersion "1"]
[SourceVersionDate "2020.07.31"]
[SourceQuality "1"]

1. e4 e5 2. Nf3 Nc6 3. Bc4 Nf6 4. Ng5 d5 5. exd5 Na5 6. Bb5+ c6 7. dxc6 bxc6 8. Ba4 h6 9. Nf3 e4 10. Qe2 Be7 11. Ne5 Qd4 12. Bxc6+ Nxc6 13. Nxc6 Qc5 14. Nxe7 Qxe7 15. 0-0 0-0 16. d3 Qd6 17. dxe4 Ba6 18. c4 Rac8 19. b3 Rfe8 20. Nc3 Qd4 21. Bb2 Nxe4 22. Nxe4 Qxe4 23. Qxe4 Rxe4 24. Rfe1 Rxe1+ 25. Rxe1 Rc7 26. h3 Kh7 27. Re5 Kg6 28. Bd4 Rd7 29. Be3 f6 30. Ra5 Bc8 31. Rxa7 Rd1+ 32. Kh2 Ra1 33. c5 Kf5 34. c6 Ke6 35. c7 Kd7 36. Bd4 Rd1 37. Be3 Ra1 38. b4 Rb1 39. Bd2 Rb2 40. Bc3 Rb1 41. Bd2 Kc6 42. Bf4 Rxb4 43. Ra8 Kd7 44. a4 Rxf4 45. a5 Kxc7 46. a6 Ra4 47. a7 Kb7 48. Rb8+ Kxa7 49. Rxc8 Ra2 50. Kg3 Kb6 51. Rg8 Ra7 52. Kg4 Kc6 53. Kf5 Kd6 54. Kg6 Ra2 55. Rxg7 Rxf2 56. Kxh6 Ke6 57. h4 Kf5 58. h5 Rb2 59. Rg6 Rb7 60. Rg7 Rb8 61. Kh7 Rf8 62. h6 Re8 63. Rg8 Re7+ 64. Kh8 Ke5 65. h7 f5 66. Rg5 Re8+ 67. Kg7 Re7+ 68. Kh6 Re8 69. Rg8 Re6+ 70. Kg5 Ra6 71. h8Q+ Ke4 72. Re8+ Kd3 73. Qh3+ Kd2 74. Qxf5 Kc3 75. Qc8+ Kd4 76. Qxa6 Kc3 77. Rd8 Kb2 78. Qc6 Kb3 79. Rb8+ Ka2 80. Qa6# 1-0

[Event "FRA-ch Blitz Online Qual"]
[Site "Europe Echecs INT"]
[Date "2020.05.16"]
[Round "7"]
[White "Negre, Maxime"]
[Black "Ghazaryan, Gor"]
[Result "0-1"]
[WhiteElo "1105"]
[BlackElo "1431"]
[PlyCount "48"]
[EventDate "2020.05.16"]
[EventType "swiss (blitz)"]
[EventRounds "15"]
[EventCountry "FRA"]
[SourceTitle "CBM 196 Extra"]
[Source "ChessBase"]
[SourceDate "2020.07.31"]
[SourceVersion "1"]
[SourceVersionDate "2020.07.31"]
[SourceQuality "1"]

1. e4 e5 2. Nf3 Nc6 3. Bc4 Bc5 4. Nc3 d6 5. h3 Nf6 6. d3 h6 7. Be3 Nd4 8. a3 Be6 9. Nd5 c6 10. Nxf6+ Qxf6 11. Bxe6 Nxe6 12. Bxc5 Nxc5 13. b4 Ne6 14. c3 0-0 15. 0-0 Qg6 16. Re1 Nf4 17. g3 Nxh3+ 18. Kg2 Nf4+ 19. Kg1 f5 20. Kf1 Ne6 21. exf5 Qxf5 22. Kg2 Qg4 23. d4 Nf4+ 24. Kf1 Qh3+ 0-1